000 00677nam a2200205Ia 4500
005 20260121110310.0
008 008 260114s9999 xx 000 0 hin d
020 _a9788132351801
037 _aEBOOK
040 _aCRL
_bhin
_cCRL
041 _ahin
_2hin
084 _qCRL
100 _aचित्र सक्सेना / Chitra Saxena
_9944475
245 0 _aराजस्थानी चित्रकला शैली / Rajasthani Chitrakala Shaili
260 _bभाषा प्रकाशन / Bhasha Prakashan
_c2020
856 _uhttps://bhashaprakashan.com/product-details/378520
942 _cEBOOK
999 _c1536139
_d1536139